000 00384nam a2200169 i 4500
001 bg
100 1 _aBUKALOVIC, M. P.
245 0 _aTechniceskaja termodynamika /
_cM.P. Bukalovicz.
250 _aIzd.4.
260 _aMoskva,
_c1968.
700 1 _aNOVIKOV, I. I.
040 _cBPK
041 _apol
080 _a536.7
942 _cKS
008 s pl f |000 0 pol
999 _c7816
_d7816
856 _uhttp://koha.tu.koszalin.pl/cgi-bin/koha/opac-detail.pl?biblionumber=7816
_yKatalog online BPK